[Event "II. CLANSKA LIGA ZAHOD 2024"]
[Site "Komenda"]
[Date "2024.11.15"]
[Round "1.1"]
[White "Skrbec, Leon"]
[Black "Leonardi, Caterina"]
[Result "1/2-1/2"]
[WhiteElo "2237"]
[BlackElo "1995"]
[PlyCount "102"]
[EventDate "2024.11.15"]
[WhiteTeam "SK POSTOJNA"]
[BlackTeam "SK KOMENDA"]

1. d4 Nf6 2. Nf3 g6 3. c4 Bg7 4. g3 O-O 5. Bg2 d5 6. cxd5 Nxd5 7. O-O Bf5 8.
Re1 Nf6 9. Nc3 Ne4 10. Qb3 Nxc3 11. bxc3 Be4 12. Bb2 c5 13. Red1 Qc7 14. Qc4
Nd7 15. d5 Nf6 16. Nh4 b5 17. Qb3 c4 18. Qa3 Bxg2 19. Nxg2 Rfd8 20. Ne3 a5 21.
Rab1 e6 22. Ba1 Bf8 23. Qc1 Qc5 24. dxe6 fxe6 25. Nc2 e5 26. Qe3 Ng4 27. Qf3 h5
28. h3 Nh6 29. a4 bxa4 30. Qf6 Rd6 31. Rxd6 Qxd6 32. Qh4 Qc6 33. Ne3 Rc8 34.
Rd1 Kf7 35. Nd5 Nf5 36. Qe4 Bd6 37. Qf3 e4 38. Qxe4 Qc5 39. Kg2 Rf8 40. e3 Kg7
41. Bb2 a3 42. Ba1 Rb8 43. Nf4 Bxf4 44. Rd7+ Kf8 45. Qe6 Ne7 46. gxf4 Qc6+ 47.
Qxc6 Nxc6 48. Rd6 Ne7 49. Rd1 Kf7 50. Kf3 Ke6 51. e4 a4 1/2-1/2

[Event "II. CLANSKA LIGA ZAHOD 2024"]
[Site "Komenda"]
[Date "2024.11.15"]
[Round "1.1"]
[White "Ogradi, Gregor"]
[Black "Cepon, Dusan"]
[Result "0-1"]
[WhiteElo "1972"]
[BlackElo "2066"]
[PlyCount "112"]
[EventDate "2024.11.15"]
[WhiteTeam "SK KOMENDA"]
[BlackTeam "SK POSTOJNA"]

1. e4 e5 2. Nf3 d6 3. d4 Nd7 4. Nc3 c6 5. a4 Be7 6. Bc4 Ngf6 7. O-O O-O 8. Re1
Qa5 9. Bb3 h6 10. h3 Re8 11. Bd2 Qc7 12. dxe5 dxe5 13. Nh2 Nf8 14. Qf3 Ne6 15.
Bxe6 Bxe6 16. Ne2 Nh7 17. Ng3 Rad8 18. Be3 Bg5 19. Ng4 Bxe3 20. Qxe3 Bxg4 21.
hxg4 Qb6 22. Nf5 Ng5 23. f3 Rd2 24. Qxb6 axb6 25. Ne3 Ne6 26. Rad1 Red8 27.
Rxd2 Rxd2 28. Rd1 Re2 29. Kf1 Rxe3 30. Kf2 Nd4 31. Kxe3 Nxc2+ 32. Kd3 Nd4 33.
Kc4 Kf8 34. b4 Ke7 35. Rh1 Nc2 36. Kc3 Nd4 37. Ra1 Ne2+ 38. Kc4 Nd4 39. Ra3 Kd6
40. a5 Kc7 41. axb6+ Kxb6 42. Ra8 Nc2 43. Rg8 Ne3+ 44. Kb3 g6 45. Rf8 Nxg2 46.
Rxf7 Nf4 47. Kc4 h5 48. gxh5 gxh5 49. Rf5 h4 50. Rxe5 h3 51. Re7 Ng6 52. Rh7
Ne5+ 53. Kc3 Nxf3 54. Rxh3 Ng5 55. Rh4 Kc7 56. Rg4 Ne6 0-1

[Event "II. CLANSKA LIGA ZAHOD 2024"]
[Site "Komenda"]
[Date "2024.11.15"]
[Round "1.1"]
[White "Pridigar, Lovro"]
[Black "Babarovic, Fran"]
[Result "0-1"]
[WhiteElo "2058"]
[BlackElo "1757"]
[PlyCount "72"]
[EventDate "2024.11.15"]
[WhiteTeam "SK POSTOJNA"]
[BlackTeam "SK KOMENDA"]

1. d4 d5 2. Nf3 Nf6 3. Bf4 c5 4. e3 Nc6 5. c3 Qb6 6. Qc2 c4 7. Be2 Bf5 8. Qxf5
Qxb2 9. O-O e6 10. Qg5 Qxa1 11. Ne5 h6 12. Qh4 Qxa2 13. Bh5 Nxe5 14. Bxe5 Nxh5
15. Qxh5 Qc2 16. f4 Qf5 17. Qd1 b5 18. g4 Qg6 19. f5 exf5 20. Rxf5 h5 21. Bg3
Qxg4 22. Qxg4 hxg4 23. Rxd5 a6 24. Re5+ Kd7 25. Nd2 f6 26. Rd5+ Ke6 27. e4 g6
28. Nf1 Rh5 29. Ne3 Rxd5 30. Nxd5 Bd6 31. Bxd6 Kxd6 32. Nxf6 a5 33. Nxg4 a4 34.
Ne3 a3 35. Nc2 a2 36. e5+ Ke6 0-1

[Event "II. CLANSKA LIGA ZAHOD 2024"]
[Site "Komenda"]
[Date "2024.11.15"]
[Round "1.1"]
[White "Novakovic, Gosto"]
[Black "Markovcic, Gregor"]
[Result "1-0"]
[WhiteElo "1789"]
[BlackElo "1531"]
[PlyCount "121"]
[EventDate "2024.11.15"]
[WhiteTeam "SK KOMENDA"]
[BlackTeam "SK POSTOJNA"]

1. e4 d5 2. exd5 Nf6 3. c4 e6 4. dxe6 Bxe6 5. d3 Bb4+ 6. Bd2 Bxd2+ 7. Qxd2 O-O
8. Nc3 Nc6 9. O-O-O Qd4 10. Nf3 Qb6 11. h3 Rfd8 12. Qe3 Qxe3+ 13. fxe3 Nh5 14.
g4 Ng3 15. Rg1 Nxf1 16. Rgxf1 h5 17. Ng5 hxg4 18. Nxe6 fxe6 19. hxg4 Ne5 20.
Kc2 Nxg4 21. Rf3 Rf8 22. Rg3 Nf2 23. Rdg1 Rf7 24. Kd2 Rd8 25. e4 Rfd7 26. Rg6
Nxd3 27. Kc2 Nb4+ 28. Kb3 Nc6 29. R1g5 Re8 30. e5 Ree7 31. Ne4 Rd3+ 32. Ka4 Rd4
33. Nf6+ Kf8 34. b3 a6 35. Ka3 Rd2 36. Nh7+ Ke8 37. Rxg7 Rxg7 38. Rxg7 Nxe5 39.
Rxc7 b6 40. Ng5 Rd6 41. Ra7 a5 42. Ra6 Nd3 43. Ne4 Rc6 44. Ka4 Kd7 45. Kb5 Nb4
46. Rxb6 Rxb6+ 47. Kxb6 Nxa2 48. Kxa5 Kc6 49. b4 Nc1 50. b5+ Kc7 51. Ka6 Kb8
52. c5 Nd3 53. b6 e5 54. c6 Nb4+ 55. Kb5 Nd5 56. Kc5 Ne7 57. Nd6 Ka8 58. c7 e4
59. b7+ Ka7 60. b8=Q+ Ka6 61. Qb6# 1-0

[Event "II. CLANSKA LIGA ZAHOD 2024"]
[Site "Komenda"]
[Date "2024.11.15"]
[Round "1.1"]
[White "Usaj, Benjamin"]
[Black "Debeljak, Jaka"]
[Result "0-1"]
[WhiteElo "1428"]
[BlackElo "1817"]
[PlyCount "108"]
[EventDate "2024.11.15"]
[WhiteTeam "SK POSTOJNA"]
[BlackTeam "SK KOMENDA"]

1. c4 c6 2. d4 d5 3. cxd5 cxd5 4. Nc3 Nc6 5. Nf3 Nf6 6. Bg5 h6 7. Bxf6 exf6 8.
e3 Bf5 9. Bd3 Bxd3 10. Qxd3 Bb4 11. a3 Qa5 12. O-O Bxc3 13. Qxc3 Qxc3 14. bxc3
Rc8 15. Rfc1 Na5 16. Nd2 Kd7 17. Rab1 a6 18. Nb3 Nxb3 19. Rxb3 b5 20. f3 f5 21.
Kf2 Rc4 22. Ke2 Re8 23. Kd3 Kd6 24. Re1 f6 25. e4 g5 26. h3 h5 27. Rb4 fxe4+
28. fxe4 dxe4+ 29. Rxe4 Rxc3+ 30. Kxc3 Rxe4 31. Kd3 Re1 32. Rb2 Ra1 33. Rb3 Kd5
34. Kc3 Rc1+ 35. Kd2 Rg1 36. g3 Rg2+ 37. Ke1 Kxd4 38. h4 gxh4 39. gxh4 f5 40.
Rb4+ Ke3 41. Rb3+ Kf4 42. Rb4+ Kg3 43. Kf1 Rf2+ 44. Ke1 Ra2 45. Rb3+ Kxh4 46.
Rb4+ Kg3 47. Rb3+ Kg4 48. Rb4+ f4 49. Rb3 f3 50. Rb4+ Kg3 51. Rb3 h4 52. Rc3 h3
53. Rb3 h2 54. Rxf3+ Kxf3 0-1

[Event "II. CLANSKA LIGA ZAHOD 2024"]
[Site "Komenda"]
[Date "2024.11.15"]
[Round "1.2"]
[White "Bratovic, Blaz"]
[Black "Jocev, Milan"]
[Result "0-1"]
[WhiteElo "2320"]
[BlackElo "2246"]
[PlyCount "104"]
[EventDate "2024.11.15"]
[WhiteTeam "SD GORENJKA LESCE"]
[BlackTeam "SK TRZIN"]

1. e4 e5 2. Nf3 Nc6 3. Bb5 a6 4. Ba4 Nf6 5. d3 b5 6. Bb3 Bc5 7. O-O d6 8. a3 h6
9. Be3 Bg4 10. Ba2 Nd4 11. Nbd2 O-O 12. h3 Nxf3+ 13. Nxf3 Bxe3 14. fxe3 Be6 15.
Qe1 Bxa2 16. Rxa2 c5 17. Ra1 c4 18. Nh4 g6 19. Rf3 cxd3 20. cxd3 Nh7 21. Qg3
Ng5 22. Rf2 Ne6 23. Raf1 Qg5 24. Qxg5 hxg5 25. Nf3 f5 26. exf5 gxf5 27. Rc2
Rac8 28. Rfc1 Rxc2 29. Rxc2 Kf7 30. Rc6 Ke7 31. Rxa6 Rc8 32. Rb6 f4 33. exf4
Rc1+ 34. Kh2 Nxf4 35. Rb7+ Kf6 36. Nd2 Rc2 37. Ne4+ Kg6 38. Rxb5 Nxg2 39. Rb6
Nh4+ 40. Kg1 Nf3+ 41. Kf1 Kf5 42. Nxd6+ Kf4 43. b4 Kg3 44. Ne4+ Kxh3 45. Nf2+
Kh2 46. Ne4 g4 47. Rb8 Nd2+ 48. Nxd2 Rxd2 49. a4 Rxd3 50. a5 Rd1+ 51. Ke2 Ra1
52. Rh8+ Kg2 {nejasno (70)} 0-1

[Event "II. CLANSKA LIGA ZAHOD 2024"]
[Site "Komenda"]
[Date "2024.11.15"]
[Round "1.2"]
[White "Jacob, Tobias"]
[Black "Mencinger, Vojko"]
[Result "1-0"]
[WhiteElo "2094"]
[BlackElo "2276"]
[PlyCount "79"]
[EventDate "2024.11.15"]
[WhiteTeam "SK TRZIN"]
[BlackTeam "SD GORENJKA LESCE"]

1. d4 Nf6 2. c4 d6 3. Nf3 g6 4. Nc3 Bg7 5. Bg5 h6 6. Bh4 g5 7. Bg3 Nh5 8. e3 e6
9. Be2 Nxg3 10. hxg3 Nc6 11. g4 Bd7 12. Nd2 Qe7 13. Rb1 a5 14. a3 Qd8 15. b4
axb4 16. axb4 Ne7 17. c5 d5 18. Nf3 Ng6 19. Bd3 Ne7 20. Ne2 e5 21. Nxe5 Bxe5
22. dxe5 Bxg4 23. f3 Bf5 24. Nd4 Qd7 25. b5 c6 26. bxc6 bxc6 27. O-O O-O 28.
Qc2 Bxd3 29. Qxd3 Ra5 30. f4 Qg4 31. Rf2 Rxc5 32. Qa3 gxf4 33. Qxc5 fxe3 34.
Rf3 Ng6 35. Nf5 Qe4 36. Re1 Nxe5 37. Nxh6+ Kh7 38. Qxf8 Nxf3+ 39. gxf3 Qh4 40.
Qg8+ 1-0

[Event "II. CLANSKA LIGA ZAHOD 2024"]
[Site "Komenda"]
[Date "2024.11.15"]
[Round "1.2"]
[White "Petek, Primoz"]
[Black "Krupenko, Peter"]
[Result "0-1"]
[WhiteElo "2071"]
[BlackElo "1923"]
[PlyCount "82"]
[EventDate "2024.11.15"]
[WhiteTeam "SD GORENJKA LESCE"]
[BlackTeam "SK TRZIN"]

1. c4 c5 2. g3 g6 3. Bg2 Bg7 4. Nc3 Nf6 5. Nf3 Nc6 6. O-O O-O 7. d4 cxd4 8.
Nxd4 Qa5 9. e3 h5 10. a3 Nxd4 11. exd4 d6 12. Bf4 Qd8 13. Rc1 Ng4 14. h3 Nh6
15. c5 Nf5 16. cxd6 Nxd6 17. Be5 Bd7 18. b4 a5 19. Bxg7 Kxg7 20. Re1 axb4 21.
axb4 Re8 22. Kh2 Ra3 23. Nd5 Bc6 24. Nf4 Bxg2 25. Kxg2 Nf5 26. d5 Qd6 27. Qd2
Rea8 28. Qb2+ Kg8 29. Qe5 Qxe5 30. Rxe5 Rb3 31. Re4 Ra2 32. Rf1 Rxg3+ 33. Kh2
Rf3 34. Re2 Rxe2 35. Nxe2 Rb3 36. Rc1 Rxb4 37. Nc3 Rc4 38. Kg1 Nd4 39. Kf1 Nb5
40. Ne2 Rxc1+ 41. Nxc1 Nc3 0-1

[Event "II. CLANSKA LIGA ZAHOD 2024"]
[Site "Komenda"]
[Date "2024.11.15"]
[Round "1.2"]
[White "Krumpak, Hinko"]
[Black "Pavlin, Damijan"]
[Result "1/2-1/2"]
[WhiteElo "2002"]
[BlackElo "1961"]
[PlyCount "75"]
[EventDate "2024.11.15"]
[WhiteTeam "SK TRZIN"]
[BlackTeam "SD GORENJKA LESCE"]

1. Nf3 e6 2. c4 d5 3. d4 Nf6 4. Bg5 Be7 5. e3 c6 6. Nc3 Nbd7 7. cxd5 exd5 8.
Bd3 O-O 9. O-O Re8 10. a3 h6 11. Bh4 Ne4 12. Bxe7 Qxe7 13. Qc2 Nf8 14. Rfe1 Bf5
15. Nd2 Bg6 16. b4 Rac8 17. Ndxe4 dxe4 18. Bc4 Nd7 19. Qb3 Nb6 20. Bf1 Kh8 21.
Na4 f5 22. Nxb6 axb6 23. a4 Bf7 24. Bc4 Bxc4 25. Qxc4 Red8 26. Rec1 Qd7 27. a5
b5 28. Qc5 f4 29. Qe5 fxe3 30. fxe3 Re8 31. Qf4 Qe7 32. Rc5 Rf8 33. Qe5 Qf7 34.
Qg3 Qb3 35. Re5 Rce8 36. Rxe8 Rxe8 37. Qe1 Rf8 38. Rb1 1/2-1/2

[Event "II. CLANSKA LIGA ZAHOD 2024"]
[Site "Komenda"]
[Date "2024.11.15"]
[Round "1.2"]
[White "Kelbl, Jakob"]
[Black "Suhadolnik, Jernej"]
[Result "1-0"]
[WhiteElo "1919"]
[BlackElo "1913"]
[PlyCount "51"]
[EventDate "2024.11.15"]
[WhiteTeam "SD GORENJKA LESCE"]
[BlackTeam "SK TRZIN"]

1. e4 a6 2. d4 b5 3. Bd3 Bb7 4. f4 e6 5. Nf3 c5 6. c3 d5 7. e5 Nc6 8. O-O g6 9.
f5 gxf5 10. Ng5 Nge7 11. Qh5 Ng6 12. Nxf7 Kxf7 13. Bxf5 Ke8 14. Bxg6+ Kd7 15.
Bf7 cxd4 16. Bxe6+ Kc7 17. Bg5 Be7 18. Bxe7 Nxe7 19. cxd4 Nc6 20. Qg4 h5 21.
Rf7+ Kb8 22. Qf4 Qb6 23. Bxd5 Nxd4 24. e6+ Kc8 25. Bxb7+ Qxb7 26. Qxd4 1-0

[Event "II. CLANSKA LIGA ZAHOD 2024"]
[Site "Komenda"]
[Date "2024.11.15"]
[Round "1.2"]
[White "Leben, Dusan"]
[Black "Lanjscek, Miha"]
[Result "1-0"]
[WhiteElo "1876"]
[BlackElo "1857"]
[PlyCount "95"]
[EventDate "2024.11.15"]
[WhiteTeam "SK TRZIN"]
[BlackTeam "SD GORENJKA LESCE"]

1. e4 c5 2. Nf3 d6 3. d4 cxd4 4. Nxd4 Nf6 5. Nc3 a6 6. Be3 e5 7. Nb3 Be6 8. Qd2
Be7 9. O-O-O b5 10. f3 O-O 11. g4 Nbd7 12. h4 Nb6 13. Bxb6 Qxb6 14. g5 Nh5 15.
Kb1 b4 16. Ne2 a5 17. f4 Bxb3 18. cxb3 a4 19. bxa4 Rxa4 20. b3 Ra7 21. f5 Rfa8
22. Nc1 Ng3 23. Bd3 Nxh1 24. Rxh1 Qd4 25. Rf1 f6 26. g6 h6 27. Bc4+ Kf8 28.
Qxd4 exd4 29. Rd1 Bd8 30. Bd5 Rc8 31. Bc4 Bb6 32. Nd3 Bc5 33. Nf4 Rca8 34. Rd2
Rc8 35. Ne6+ Ke8 36. Bb5+ Ke7 37. Nxg7 d5 38. exd5 Kd6 39. Nh5 Kxd5 40. Re2 Be7
41. g7 d3 42. Bxd3 Kd4 43. Bc4 Bc5 44. g8=Q Rxg8 45. Bxg8 Kc3 46. Nxf6 Bd4 47.
Ne4+ Kd3 48. Bc4# 1-0

[Event "II. CLANSKA LIGA ZAHOD 2024"]
[Site "Komenda"]
[Date "2024.11.15"]
[Round "1.3"]
[White "Sajn, Simon"]
[Black "Buha, Drago"]
[Result "1-0"]
[WhiteElo "2102"]
[BlackElo "1957"]
[PlyCount "81"]
[EventDate "2024.11.15"]
[WhiteTeam "SK RIMEX ILIRSKA BISTRICA"]
[BlackTeam "SD RADOVLJICA"]

1. d4 d5 2. Bf4 Bf5 3. c4 c6 4. Nc3 e6 5. Qb3 b6 6. e3 Nf6 7. Nf3 Be7 8. cxd5
Nxd5 9. Bg3 Bb4 10. a3 Bxc3+ 11. bxc3 O-O 12. Be2 Qe7 13. O-O Nd7 14. Nh4 Bg6
15. Nxg6 hxg6 16. Bf3 Rfc8 17. Rfc1 Qd8 18. a4 a6 19. h3 b5 20. c4 bxc4 21.
Qxc4 a5 22. Qb3 Ra6 23. Qa3 Rb6 24. Rc4 Nb8 25. Rac1 Na6 26. Bd6 Qd7 27. Bc5
Rb7 28. Bd6 Rb6 29. Be5 Ndb4 30. e4 g5 31. Qe3 f6 32. d5 c5 33. dxe6 Qd3 34.
Bd4 Rbc6 35. e5 R6c7 36. exf6 cxd4 37. Qxg5 Qh7 38. Rxc7 Nxc7 39. f7+ Kf8 40.
Rxc7 Rb8 41. Qe7# 1-0

[Event "II. CLANSKA LIGA ZAHOD 2024"]
[Site "Komenda"]
[Date "2024.11.15"]
[Round "1.3"]
[White "Prestrl, Jozef"]
[Black "Solmajer, Luka"]
[Result "0-1"]
[WhiteElo "1875"]
[BlackElo "2006"]
[PlyCount "88"]
[EventDate "2024.11.15"]
[WhiteTeam "SD RADOVLJICA"]
[BlackTeam "SK RIMEX ILIRSKA BISTRICA"]

1. d4 f5 2. g3 g6 3. Bg2 Nf6 4. Nf3 Bg7 5. O-O O-O 6. c4 d6 7. Qc2 Nc6 8. a3 e5
9. dxe5 dxe5 10. Rd1 Qe7 11. Nc3 e4 12. Nd4 Nxd4 13. Rxd4 Ng4 14. Rd5 c6 15.
Ra5 Be6 16. h3 Ne5 17. b3 Qc7 18. Ra4 b5 19. cxb5 cxb5 20. Rb4 Qxc3 21. Qxc3
Nf3+ 22. Qxf3 exf3 23. Bxf3 Bxa1 24. Bxa8 Rxa8 25. Rxb5 Rd8 26. Be3 Rd7 27. Ra5
Bxb3 28. Bxa7 Bc3 29. Rb5 Bc4 30. Rb8+ Kg7 31. Be3 Bxe2 32. Kg2 Bd4 33. Rb3 Bc4
34. Bxd4+ Rxd4 35. Re3 Bd5+ 36. Kf1 Rd2 37. h4 Kf6 38. f4 Be4 39. Ke1 Rd3 40.
Rxd3 Bxd3 41. Kd2 Bf1 42. Ke3 Ke6 43. Kd4 Kd6 44. a4 Ba6 0-1

[Event "II. CLANSKA LIGA ZAHOD 2024"]
[Site "Komenda"]
[Date "2024.11.15"]
[Round "1.3"]
[White "Raspor, Gregor"]
[Black "Kocevar, Tugomir"]
[Result "1-0"]
[WhiteElo "1978"]
[BlackElo "1818"]
[PlyCount "47"]
[EventDate "2024.11.15"]
[WhiteTeam "SK RIMEX ILIRSKA BISTRICA"]
[BlackTeam "SD RADOVLJICA"]

1. d4 d5 2. c4 e6 3. Nc3 Nf6 4. cxd5 exd5 5. Bg5 Be7 6. e3 O-O 7. Bd3 c6 8. Qc2
h6 9. Bh4 Ne8 10. Bg3 Bd6 11. Nge2 Be6 12. Nf4 Nd7 13. O-O b5 14. e4 Nb6 15.
exd5 Bxf4 16. dxe6 Bxg3 17. exf7+ Rxf7 18. hxg3 Qxd4 19. Rad1 Qc5 20. Qb3 Nc4
21. Ne4 Qe7 22. Bxc4 bxc4 23. Qxc4 Nf6 24. Nd6 1-0

[Event "II. CLANSKA LIGA ZAHOD 2024"]
[Site "Komenda"]
[Date "2024.11.15"]
[Round "1.3"]
[White "Torkar, Boris"]
[Black "Bradac, Simon"]
[Result "1-0"]
[WhiteElo "1882"]
[BlackElo "1921"]
[PlyCount "117"]
[EventDate "2024.11.15"]
[WhiteTeam "SD RADOVLJICA"]
[BlackTeam "SK RIMEX ILIRSKA BISTRICA"]

1. d4 Nf6 2. c4 e6 3. e3 d5 4. Nf3 Be7 5. Be2 O-O 6. O-O b6 7. Nc3 dxc4 8. Bxc4
Bb7 9. b3 Nbd7 10. Bb2 c5 11. Rc1 Rc8 12. Re1 Nd5 13. Nxd5 exd5 14. Bd3 Nf6 15.
Bf5 Ra8 16. Ne5 Re8 17. Qf3 Bc8 18. Nc6 Qd6 19. Nxe7+ Qxe7 20. Bxc8 Raxc8 21.
dxc5 bxc5 22. Bxf6 Qxf6 23. Qxd5 Qb2 24. Ra1 Red8 25. Qb7 c4 26. Red1 c3 27.
Qc7 Qd2 28. Rxd2 cxd2 29. Qxd8+ Rxd8 30. Rd1 Rc8 31. Kf1 Rc2 32. Ke2 Rxa2 33.
Rxd2 Rxd2+ 34. Kxd2 f5 35. Kd3 Kf7 36. Kd4 Ke6 37. Kc5 Ke5 38. Kc4 Ke4 39. Kc3
g5 40. Kd2 g4 41. Ke2 Kd5 42. f3 gxf3+ 43. gxf3 Kc5 44. Kd3 Kb4 45. Kc2 a5 46.
Kb2 Kb5 47. Ka3 Kc5 48. Ka4 Kb6 49. e4 fxe4 50. fxe4 Ka6 51. e5 Kb6 52. h4 h5
53. e6 Kc6 54. Kxa5 Kd6 55. Kb5 Kxe6 56. Kc6 Kf5 57. b4 Kg4 58. b5 Kxh4 59. b6
1-0

[Event "II. CLANSKA LIGA ZAHOD 2024"]
[Site "Komenda"]
[Date "2024.11.15"]
[Round "1.4"]
[White "Zirkelbach, Maj"]
[Black "Skoberne, Jure"]
[Result "0-1"]
[WhiteElo "2261"]
[BlackElo "2540"]
[PlyCount "86"]
[EventDate "2024.11.15"]
[WhiteTeam "SD KRKA NOVO MESTO"]
[BlackTeam "SD POSOCJE"]

1. d4 Nf6 2. c4 g6 3. Nc3 Bg7 4. e4 d6 5. Nf3 O-O 6. h3 e5 7. d5 a5 8. g4 Na6
9. Be3 Nc5 10. Nd2 Nfd7 11. Rg1 Kh8 12. Nb3 b6 13. Qc2 f5 14. gxf5 gxf5 15.
exf5 Nxb3 16. axb3 Nc5 17. Rg5 Bh6 18. Rh5 Bxe3 19. fxe3 Qe8 20. Be2 Bd7 21.
Ne4 Bxf5 22. Rxf5 Rxf5 23. Nxc5 Qg6 24. O-O-O bxc5 25. Bd3 Raf8 26. Qd2 Qh5 27.
Bxf5 Qxf5 28. Qxa5 Qxh3 29. Qxc7 Qxe3+ 30. Kc2 Qe4+ 31. Kc1 Ra8 32. Kd2 Qd4+
33. Kc2 Qf2+ 34. Rd2 Qf5+ 35. Kc3 Rg8 36. Rd3 e4 37. Rd2 Rg3+ 38. Kc2 e3+ 39.
Rd3 Rg2+ 40. Kc1 e2 41. Qd8+ Rg8 42. Qh4 Qf1+ 43. Kc2 Qd1+ 0-1

[Event "II. CLANSKA LIGA ZAHOD 2024"]
[Site "Komenda"]
[Date "2024.11.15"]
[Round "1.4"]
[White "Jovanovic, Zoran"]
[Black "Zupancic, Jernej"]
[Result "1-0"]
[WhiteElo "2520"]
[BlackElo "2213"]
[PlyCount "85"]
[EventDate "2024.11.15"]
[WhiteTeam "SD POSOCJE"]
[BlackTeam "SD KRKA NOVO MESTO"]

1. e4 e5 2. Nf3 Nf6 3. Nc3 Nc6 4. Bb5 Bc5 5. O-O O-O 6. Nxe5 Nxe5 7. d4 Bb4 8.
dxe5 Bxc3 9. bxc3 Nxe4 10. Qd4 d5 11. f3 Ng5 12. Bxg5 Qxg5 13. Bd3 Bf5 14. f4
Qg6 15. Rf3 Bxd3 16. cxd3 Qb6 17. Qf2 Qxf2+ 18. Rxf2 Rfd8 19. Rb2 b6 20. a4 Kf8
21. Kf2 g6 22. a5 Ke7 23. g4 Ke6 24. d4 Rdb8 25. Ke3 f5 26. gxf5+ Kxf5 27. Rg2
Ke6 28. h4 Rg8 29. Rg5 Raf8 30. axb6 axb6 31. Ra7 Kd7 32. Ra2 Ke6 33. Rag2 Rf5
34. Rxf5 Kxf5 35. Rg5+ Ke6 36. f5+ Kf7 37. h5 c5 38. Rg1 c4 39. hxg6+ hxg6 40.
f6 Rh8 41. Ra1 Ke6 42. Kf4 Rh7 43. Kg5 1-0

[Event "II. CLANSKA LIGA ZAHOD 2024"]
[Site "Komenda"]
[Date "2024.11.15"]
[Round "1.4"]
[White "Kastelic, Marjan"]
[Black "Srebrnic, Marko"]
[Result "1/2-1/2"]
[WhiteElo "2258"]
[BlackElo "2343"]
[PlyCount "113"]
[EventDate "2024.11.15"]
[WhiteTeam "SD KRKA NOVO MESTO"]
[BlackTeam "SD POSOCJE"]

1. d4 Nf6 2. c4 d6 3. Nc3 Bf5 4. f3 e5 5. dxe5 dxe5 6. Qxd8+ Kxd8 7. e4 Be6 8.
Be3 c6 9. O-O-O+ Kc7 10. g4 Nfd7 11. g5 a5 12. f4 Bc5 13. Bxc5 Nxc5 14. f5 Bd7
15. Nf3 Re8 16. h4 Nba6 17. Rh2 a4 18. Rhd2 Nb4 19. Kb1 a3 20. b3 Rad8 21. Ne1
g6 22. Bh3 gxf5 23. exf5 e4 24. Nc2 Ncd3 25. Ne3 Nb2 26. Rf1 Bc8 27. Rxd8 Rxd8
28. Nxe4 Rd3 29. Re1 Nd1 30. Nxd1 Rxh3 31. Ne3 Rxh4 32. Ng3 Rh2 33. Re2 Rxe2
34. Nxe2 Kd6 35. Nf4 Ke5 36. g6 hxg6 37. fxg6 fxg6 38. Nxg6+ Kd4 39. Ne7 Be6
40. Nc2+ Nxc2 41. Kxc2 Bd7 42. Kd2 Bg4 43. Ng6 Bf5 44. Nf4 Bb1 45. Ne2+ Kc5 46.
Nc3 Bf5 47. Ke3 b5 48. cxb5 cxb5 49. Kd2 b4 50. Ne2 Bb1 51. Kc1 Bd3 52. Kd2 Be4
53. Ke3 Bc2 54. Nc1 Bb1 55. Nd3+ Kb5 56. Nc1 Kc5 57. Nd3+ 1/2-1/2

[Event "II. CLANSKA LIGA ZAHOD 2024"]
[Site "Komenda"]
[Date "2024.11.15"]
[Round "1.4"]
[White "Biti, Ozren"]
[Black "Zupancic, Urban"]
[Result "1-0"]
[WhiteElo "2284"]
[BlackElo "2071"]
[PlyCount "71"]
[EventDate "2024.11.15"]
[WhiteTeam "SD POSOCJE"]
[BlackTeam "SD KRKA NOVO MESTO"]

1. e4 c5 2. Nc3 d6 3. f4 Nc6 4. Nf3 g6 5. Bb5 Bd7 6. O-O Bg7 7. d3 a6 8. Bxc6
Bxc6 9. Qe2 Qd7 10. Bd2 Nf6 11. Kh1 O-O 12. Rae1 Rae8 13. Qf2 Nh5 14. f5 e6 15.
fxg6 fxg6 16. Qh4 Rf7 17. Ng5 Rxf1+ 18. Rxf1 h6 19. Nh3 Qe7 20. Qg4 Kh7 21. Qe2
Rf8 22. Rxf8 Qxf8 23. g4 Nf6 24. g5 Nh5 25. gxh6 Bxh6 26. Ng5+ Bxg5 27. Bxg5 d5
28. Kg1 b5 29. Qg4 Qf7 30. Nd1 dxe4 31. dxe4 Qd7 32. Nf2 Qd6 33. Be3 Qe5 34. c3
Nf6 35. Qh4+ Kg8 36. Bf4 1-0

[Event "II. CLANSKA LIGA ZAHOD 2024"]
[Site "Komenda"]
[Date "2024.11.15"]
[Round "1.4"]
[White "Rifelj, Luka"]
[Black "Beletic, Danijel"]
[Result "0-1"]
[WhiteElo "1962"]
[BlackElo "2276"]
[PlyCount "52"]
[EventDate "2024.11.15"]
[WhiteTeam "SD KRKA NOVO MESTO"]
[BlackTeam "SD POSOCJE"]

1. d4 Nf6 2. Nf3 c5 3. d5 g6 4. Nc3 Bg7 5. e4 d6 6. h3 O-O 7. Be2 b5 8. Bxb5
Nxe4 9. Nxe4 Qa5+ 10. Nc3 Bxc3+ 11. bxc3 Qxb5 12. Qd3 Ba6 13. Qxb5 Bxb5 14. Bh6
Re8 15. O-O-O Bc4 16. Rhe1 Nd7 17. Re4 Bxd5 18. Rxe7 Rxe7 19. Rxd5 Re6 20. Ng5
Nb6 21. Rd1 Re2 22. Rxd6 Nc4 23. Rd1 Rb8 24. Nf3 Na3 25. Nd2 Rb1+ 26. Nxb1
Rxc2# 0-1

[Event "II. CLANSKA LIGA ZAHOD 2024"]
[Site "Komenda"]
[Date "2024.11.15"]
[Round "1.4"]
[White "Hozjan, Erik"]
[Black "Hudoklin, Jurij"]
[Result "1-0"]
[WhiteElo "1926"]
[BlackElo "1635"]
[PlyCount "67"]
[EventDate "2024.11.15"]
[WhiteTeam "SD POSOCJE"]
[BlackTeam "SD KRKA NOVO MESTO"]

1. Nc3 e5 2. e4 Nc6 3. Bc4 Nf6 4. d3 a6 5. a4 Bc5 6. Bg5 h6 7. Bh4 d6 8. Nge2
g5 9. Bg3 Qe7 10. h4 g4 11. h5 Bb4 12. Bh4 Be6 13. O-O Bxc3 14. Nxc3 Nd4 15. f4
gxf3 16. Rxf3 Nxf3+ 17. Qxf3 Bg4 18. Qxf6 Qxf6 19. Bxf6 Rg8 20. Nd5 Kd7 21. Bh4
Rg7 22. Nf6+ Kc6 23. Bf2 d5 24. Bxd5+ Kd6 25. Bxb7 Rb8 26. Bxa6 Bf3 27. g3 c6
28. Be3 Rxg3+ 29. Kf2 Rh3 30. Bc4 Ke7 31. Nh7 Rh8 32. Bc5+ Kd8 33. Nf6 Bxh5 34.
Kg2 1-0

[Event "II. CLANSKA LIGA ZAHOD 2024"]
[Site "Komenda"]
[Date "2024.11.15"]
[Round "1.5"]
[White "Kavcic, Uros"]
[Black "Vodnik, Val"]
[Result "1-0"]
[WhiteElo "2217"]
[BlackElo "1793"]
[PlyCount "47"]
[EventDate "2024.11.15"]
[WhiteTeam "DRUSTVO TOMO ZUPAN"]
[BlackTeam "SD VRHNIKA"]

1. e4 e5 2. f4 Bc5 3. Nf3 Nc6 4. fxe5 Nxe5 5. Nxe5 Qh4+ 6. g3 Qxe4+ 7. Qe2 Qxh1
8. Ng6+ Ne7 9. Nxh8 d6 10. d4 Bxd4 11. Bg5 Be6 12. Nd2 Qd5 13. Nf3 Be5 14. c4
Qc5 15. a3 Nc6 16. b4 Bc3+ 17. Bd2 Bxd2+ 18. Kxd2 Qf5 19. Nxf7 Kxf7 20. Bh3
Bxc4 21. Qxc4+ d5 22. Bxf5 dxc4 23. Be4 Rd8+ 24. Kc3 1-0

[Event "II. CLANSKA LIGA ZAHOD 2024"]
[Site "Komenda"]
[Date "2024.11.15"]
[Round "1.5"]
[White "Novak, Robert"]
[Black "Sajovic, Marko"]
[Result "0-1"]
[WhiteElo "1805"]
[BlackElo "2190"]
[PlyCount "58"]
[EventDate "2024.11.15"]
[WhiteTeam "SD VRHNIKA"]
[BlackTeam "DRUSTVO TOMO ZUPAN"]

1. d4 d5 2. c4 e6 3. Nc3 Nf6 4. Bg5 Be7 5. e3 O-O 6. Nf3 c6 7. Bd3 b6 8. O-O
Bb7 9. Re1 Nbd7 10. Rc1 dxc4 11. Bxc4 Rc8 12. a3 b5 13. Bd3 a5 14. a4 b4 15.
Ne4 c5 16. dxc5 Bxe4 17. Bxf6 Nxf6 18. Bxe4 Nxe4 19. Qc2 Nxc5 20. Red1 Qb6 21.
Nd4 Rfd8 22. Nb5 Rxd1+ 23. Rxd1 Rd8 24. Rc1 Qc6 25. b3 Qd5 26. Nd4 e5 27. Nf5
Bf8 28. Rb1 Qd3 29. Qxd3 Rxd3 0-1

[Event "II. CLANSKA LIGA ZAHOD 2024"]
[Site "Komenda"]
[Date "2024.11.15"]
[Round "1.5"]
[White "Demsar, Maks"]
[Black "Redek, Leon"]
[Result "1-0"]
[WhiteElo "1958"]
[BlackElo "1731"]
[PlyCount "55"]
[EventDate "2024.11.15"]
[WhiteTeam "DRUSTVO TOMO ZUPAN"]
[BlackTeam "SD VRHNIKA"]

1. e4 d6 2. d4 Nf6 3. Nc3 g6 4. Be3 Bg7 5. Qd2 O-O 6. O-O-O c6 7. f3 Qc7 8. Bh6
Nbd7 9. h4 e5 10. dxe5 dxe5 11. h5 Nc5 12. Bxg7 Kxg7 13. hxg6 fxg6 14. Qe3 Qe7
15. Bc4 Be6 16. Bxe6 Nxe6 17. Nh3 Nh5 18. Ne2 b6 19. Nf2 Nef4 20. Nxf4 Nxf4 21.
g3 Nh5 22. Ng4 Rae8 23. Rh3 Qf7 24. b3 Qxf3 25. Rd7+ Kh8 26. Rxh7+ Kxh7 27.
Qh6+ Kg8 28. Qxg6+ 1-0